01377nam a22001577a 4500003000900000005001700009008004100026040001300067100005000080245006800130250000600198260002000204300001700224490006500241520091300306IT-RoPau20220918175936.0121204b xxu||||| |||| 00| 0 eng d cIT-RoPau aAlberione GiacomoqFondatore Famiglia Paolina aChe io ami con il tuo cuore.bPensieri di un quaderno personale aI aRomabSSPc1985 a58 p.c21 cm aEdizioni Archivio Storico Generale della Famiglia PaolinavI aIndice Presentazione Confiteor Leggete le Sacre Scritture La morte del religioso fervente Il religioso tiepido ... peccato Voto di Povertà Voto di Castità ...formazione... spirito religioso Tentazione contro i voti L' inferno ...regola dello stato religioso Unico male nello stato religioso : la tiepidezza Peccati proprii Peccato veniale...della vita religiosa Confiteor Con il Crocifisso Perchè sono creato ...sono religioso ...sono sacerdote Uso delle creature ...stato religioso ...stato religioso...concupiscenze ...stato religioso...meriti Benemerenze dei religiosi Paradiso pel religioso Vita comune dolcezza del religioso Giudizio universale del religioso Gesù Cristo Via del religioso Gesù Cristo Verita' del religioso Gesù Cristo Vita del religioso ...al Divin Maestro Maria ed il religioso ...nel religioso San Paolo modello ai religiosi Gesù Maestro...religioso Note Appendice